statistieken voor Amerikaanse Staten Quiz

Klik hier om de quiz te nemen!

Generale statistieken

  • Deze quiz is al 3,038 keer genomen
  • De gemiddelde score is 32 of 50

Antwoord statistieken

Staat % Correct
Texas
96%
New York
94%
Florida
93%
Washington
92%
Alaska
90%
Californië
86%
Hawaï
84%
North Dakota
78%
Alabama
78%
South Dakota
77%
Nevada
77%
New Mexico
76%
North Carolina
73%
South Carolina
71%
Utah
69%
Ohio
69%
Arizona
69%
Mississippi
69%
Virginia
65%
Michigan
65%
New Jersey
64%
Oregon
64%
West Virginia
63%
Colorado
63%
Kansas
60%
Maine
60%
Georgia
59%
Arkansas
59%
Tennessee
58%
Illinois
58%
Idaho
58%
Kentucky
58%
Wyoming
57%
Louisiana
56%
Montana
55%
Rhode Island
54%
Minnesota
53%
Nebraska
53%
Indiana
52%
Missouri
52%
Wisconsin
51%
Iowa
51%
Oklahoma
50%
Vermont
50%
Pennsylvania
49%
New Hampshire
48%
Delaware
48%
Maryland
48%
Massachusetts
47%
Connecticut
43%

Score Distributie

Percentiel op hoeveel beantwoord

Procent van mensen met elke score

Uw Scoregeschiedenis

U hebt deze quiz nog niet genomen